| 000 | 01299nam a2200313 i 4500 | ||
|---|---|---|---|
| 003 | EG-GICUC | ||
| 005 | 20260121101519.0 | ||
| 008 | 251217s1884 fr ||||fr|||| 000 0 fre d | ||
| 040 |
_aEG-GiCUC _bfre _cEG-GiCUC _dEG-GiCUC _eRda |
||
| 041 | _afre | ||
| 082 | 0 | 4 |
_221 _a341.84 _bAS . E |
| 092 | 0 | 4 | _221 |
| 099 | _aLaw1 12 341.84 AS . E 1984 | ||
| 100 | 1 |
_aAsser, T. M. C _d1838-1913, _eAuteur |
|
| 245 | 1 | 0 |
_aÉléments De Droit International Privé Ou Du Conflit Des Lois : _bDroit Civil--procédure--droit Commercial / _cPar T.-M.-C. Asser. Ouvrage traduit, complété et annoté par Alphonse Rivier. |
| 264 | 1 |
_aParis : _bA. Rousseau, _c1884. |
|
| 300 |
_aiv, 297 pages ; _c24 cm. |
||
| 336 |
_2rda contenu _a texte |
||
| 337 |
_2rda medias _aOrdinateur |
||
| 338 |
_2 transporteur rda _a Ressource en ligne |
||
| 500 | _aLédition hollandaise du présent ouvrage a paru à La Haye, en 1879, sous le titre d'Esquisse du droit international privé; Schets van het international privaatregt."--Pref. | ||
| 504 | _aInclude Bibliographic references | ||
| 546 | _aTexte en français | ||
| 650 | 1 | 4 |
_aConflit de lois _xDroit international privé _2qrmak |
| 651 | 1 | _2qrmak | |
| 856 | 4 | 0 | _uhttps://fll.law.cu.edu.eg/fulltext/bks/B12-01640.pdf |
| 905 |
_a75 _eHassnaa |
||
| 942 |
_2ddc _n0 _cBK _e21 |
||
| 999 |
_c51319 _d51319 |
||